Catalog

Record Details

Catalog Search



Available copies

  • 2 of 2 copies available at LARL/NWRL Consortium.
  • 2 of 2 copies available at Lake Agassiz Regional Library. (Show preferred library)

Current holds

0 current holds with 2 total copies.

Show Only Available Copies
Location Call Number / Copy Notes Barcode Shelving Location Status Due Date
Crookston Public Library Y FOR (Text) 33500012790697 Main Available -
Detroit Lakes Public Library Y FOR (Text) 33500012790689 Main Available -

Record details

  • ISBN: 9781335917393
  • ISBN: 9781489267375
  • ISBN: 133591739X
  • ISBN: 1489267379
  • Physical Description: 597 pages : map ; 25 cm.
  • Publisher: Toronto, Ontario : Harlequin Teen, [2018]

Content descriptions

General Note:
Sequel to: The Black Witch.
Summary, etc.:
"Elloren Gardner and her friends were only seeking ... Read More
Subject: Witches > Juvenile fiction.
Imaginary wars and battles > Juvenile fiction.
Dragons > Fiction.
Magic > Fiction.
Government, Resistance to > Fiction.
Young adult fiction.
Fantasy.
Witches > Fiction.
Dragons > Juvenile fiction.
Witches > Juvenile Fiction.
Magic > Fiction.
Magic > Juvenile fiction.
JUVENILE FICTION / Science Fiction, Fantasy, Magic.
Dragons.
Government, Resistance to.
Imaginary wars and battles.
Magic.
Witches.
Young adult fiction.
Genre: Fantasy fiction.
Fiction.
Juvenile works.
Novels.
Fantasy fiction.
Fiction.
Novels.
Fantasy fiction.
LDR 03623cam a2200685Ii 4500
001295906
003LARL_NWRL_CONSORTIUM
00520181017132301.0
008170708t20182018oncb d 000 f eng d
040 . ‡aBTCTA ‡beng ‡erda ‡cBTCTA ‡dBDX ‡dTOH ‡dUOK ‡dPCX ‡dIK2 ‡dVP@ ‡dT2D ‡dJAO ‡dILC ‡dJTH ‡dSBRWN ‡dZVR ‡dTXATP ‡dCPG ‡dIUK ‡dOCLCF ‡dAUIRC
020 . ‡a9781335917393 ‡q(hardcover)
020 . ‡a9781489267375
020 . ‡a133591739X ‡q(hardcover)
020 . ‡a1489267379
035 . ‡a(OCoLC)993419176
08204. ‡a[Fic] ‡223
1001 . ‡aForest, Laurie, ‡eauthor. ‡0(LARL_NWRL_CONSORTIUM)222405
24514. ‡aThe iron flower. ‡n#2 / ‡cLaurie Forest.
264 1. ‡aToronto, Ontario : ‡bHarlequin Teen, ‡c[2018]
264 4. ‡c©2018
300 . ‡a597 pages : ‡bmap ; ‡c25 cm.
336 . ‡atext ‡btxt ‡2rdacontent
337 . ‡aunmediated ‡bn ‡2rdamedia
338 . ‡avolume ‡bnc ‡2rdacarrier
4900 . ‡aBlack witch chronicles ; ‡v2
500 . ‡aSequel to: The Black Witch.
520 . ‡a"Elloren Gardner and her friends were only seeking to right a few wrongs when they rescued a Selkie and freed a military dragon. The last thing they expected was to be thrust into a realm-wide underground resistance against Gardnerian conquest. While the Resistance struggles to fight back against the harsh rulings of the Mage Council, more and more Gardnerian soldiers descend upon the University, led by none other than Lukas Grey, now commander of the nearby military base. Though Elloren tries to keep him at arm's length, Lukas is determined to tie himself to her, still convinced that she is the heir to the power of the Black Witch, a legacy of magic that will decide the future of all Erthia. As his own magic calls out to her, seeking to awaken a dark force within, Elloren finds it more and more difficult to believe that she's truly powerless, as her uncle always claimed. Caught between her growing feelings for the rebellious Yvan Guriel and the seductive power offered by Lukas, Elloren must find a way to stay true to what she knows is right and protect everyone she loves, even if that means protecting them from herself."--Amazon.com.
650 0. ‡aWitches ‡vJuvenile fiction. ‡0(LARL_NWRL_CONSORTIUM)168005
650 0. ‡aImaginary wars and battles ‡vJuvenile fiction.
650 0. ‡aDragons ‡vFiction. ‡0(LARL_NWRL_CONSORTIUM)164658
650 0. ‡aMagic ‡vFiction. ‡0(LARL_NWRL_CONSORTIUM)165984
650 0. ‡aGovernment, Resistance to ‡vFiction.
650 0. ‡aYoung adult fiction. ‡0(LARL_NWRL_CONSORTIUM)35107
650 1. ‡aFantasy. ‡0(LARL_NWRL_CONSORTIUM)178184
650 1. ‡aWitches ‡vFiction. ‡0(LARL_NWRL_CONSORTIUM)168002
650 4. ‡aDragons ‡vJuvenile fiction. ‡0(LARL_NWRL_CONSORTIUM)164659
650 4. ‡aWitches ‡vJuvenile Fiction. ‡0(LARL_NWRL_CONSORTIUM)168005
650 4. ‡aMagic ‡xFiction.
650 4. ‡aMagic ‡vJuvenile fiction. ‡0(LARL_NWRL_CONSORTIUM)165990
650 7. ‡aJUVENILE FICTION / Science Fiction, Fantasy, Magic. ‡2bisacsh
650 7. ‡aDragons. ‡2fast ‡0(LARL_NWRL_CONSORTIUM)18753
650 7. ‡aGovernment, Resistance to. ‡2fast ‡0(LARL_NWRL_CONSORTIUM)21400
650 7. ‡aImaginary wars and battles. ‡2fast ‡0(LARL_NWRL_CONSORTIUM)22729
650 7. ‡aMagic. ‡2fast ‡0(LARL_NWRL_CONSORTIUM)176093
650 7. ‡aWitches. ‡2fast ‡0(LARL_NWRL_CONSORTIUM)176235
650 7. ‡aYoung adult fiction. ‡2fast ‡0(LARL_NWRL_CONSORTIUM)35107
655 7. ‡aFantasy fiction. ‡2fast
655 7. ‡aFiction. ‡2fast
655 7. ‡aJuvenile works. ‡2fast
655 7. ‡aNovels. ‡2fast
655 7. ‡aFantasy fiction. ‡2gsafd
655 7. ‡aFiction. ‡2lcgft
655 7. ‡aNovels. ‡2lcgft
655 7. ‡aFantasy fiction. ‡2lcgft
901 . ‡a295906 ‡bOCoLC ‡c295906 ‡tbiblio ‡soclc

Additional Resources